• 首页
  • 本馆介绍
  • 公告通知
  • 最新文献
  • 馆藏检索
  • 电子资源
  • 读者导购
  • 参考咨询
  • 我的图书馆
  • 登录
  • 详细信息显示
  • 放入我的书架
  • 预约/预借图书
  • 作者相关作品
  • 分类相关作品
  • 丛书相关作品
  • 出版社相关作品

书目信息

  • 表格格式
  • 工作单格式
  • 卡片格式
题名:
西洋景
    
 
作者: 宗白华 著译
分册:  
出版信息: 北京   北京大学出版社  2005
页数: 324页
开本: 23cm
丛书名: 美学散步丛书
单 册:
中图分类: J05-53
科图分类:
主题词: 艺术评论--世界--文集 , 艺术评论
电子资源:
ISBN: 7-301-08179-0
000 00708oam2 2200265 45
001 110000004263
005 20051205103243.26
010    @a7-301-08179-0@dCNY72.00
092    @aCN
100    @a20050314d2005 ekmy0chiy0120 ea
101 0  @achi
102    @aCN@b110000
105    @aa z 000yy
200 1  @a西洋景@9xi yang jing@f宗白华著译@Fzong bai hua zhu yi
210    @a北京@c北京大学出版社@d2005
215    @a324页@c图@d23cm
225 2  @a美学散步丛书
410  0 @12001 @a美学散步丛书
606 0  @a艺术评论@y世界@j文集
606 0  @a艺术评论
690    @aJ05-53@v4
701  0 @a宗白华@9zong bai hua@4著译
801  0 @aCN@bCXYBOOK@c20051205
905    @a10447@dJ05-53@e141
999    @aWJ@eGLX
    
    西洋景/宗白华著译.-北京:北京大学出版社,2005
    324页:图;23cm.-(美学散步丛书)
    
    
    ISBN 7-301-08179-0:CNY72.00
    
●
相关链接 在E读中查询图书 在五车中查询图书 在当当中查询图书 在豆瓣中查询图书


正题名:西洋景     索取号:J05-53/141         预约/预借

序号 登录号 条形码 馆藏地/架位号 状态 备注
1 0369994   203699943   第一样本阅览室/ [索取号:J05-53/141] 在馆    
2 0369995   203699952   第一借阅区/ [索取号:J05-53/141] 在馆    
3 0369996   203699961   第一借阅区/ [索取号:J05-53/141] 在馆    
4 0369997   203699970   第一借阅区/ [索取号:J05-53/141] 在馆    
5 0369998   203699989   第一借阅区/ [索取号:J05-53/141] 在馆    
唐山师范学院图书馆 欢迎您!
大连网信软件有限公司© 版权所有